000 005010000a22001690004500
090 _aAR
_b00474
245 1 0 _aLimits of exploitation: a precautionary approach
650 1 4 _aPesca
_992853
650 1 4 _aRegulaciones de pesca
_993488
650 1 4 _aLímites de explotación biológica
_993489
650 1 4 _aBiología marina
_933601
041 0 _aInglés
700 1 _aMertz, G.
_993490
100 1 _aMyers, R. A.
_993491
942 _cARTICULO
773 1 _tEcological Applications
_3153
_h1
_q165-169
_d1998
_g8
999 _c9570
_d9570